| 000 | 00611nam a22002057a 4500 | ||
|---|---|---|---|
| 005 | 20210303153310.0 | ||
| 008 | Español | ||
| 041 | _aspa | ||
| 082 | _aTU 126 | ||
| 100 |
_aUreña Chacón, Edgar Augusto _959847 |
||
| 245 | _aPotencial turístico del Cerro Bella Vista para construcción de uan cafetería gourment especializada en la observación de aves | ||
| 260 | _c2019 | ||
| 300 | _a122 páginas | ||
| 650 |
_aCOSTA RICA _959848 |
||
| 650 |
_aCERRO BELLA VISTA _959849 |
||
| 650 |
_aAVITURISMO _959850 |
||
| 650 |
_aZONA DE LOS SANTOS _92479 |
||
| 650 |
_aATRACTIVOS TURÍSTICOS _95394 |
||
| 942 | _cIP | ||
| 999 |
_c12939 _d12939 |
||